000 00495nam a2200181Ia 4500
008 230711s9999||||xx |||||||||||||| ||und||
020 _a978-0-8247-7588-9
041 _aENG
082 _a615.191
_bRO-C
100 _aRobinson,Joseph R
245 0 _aControlled Drug Delivery : Fundamentals and Applications Volume 20
250 _a2nd Ed.
260 _c2009
_aNew York
_bInforma Healthcare Publications
300 _a716p.
650 _aPharmacy
700 _aLee, Vincent H. L
942 _cBK
999 _c7158
_d7158